Bayesian inference in statistical analysis /
Guardado en:
| Autor Principal: | |
|---|---|
| Otros Autores: | |
| Formato: | Libro |
| Idioma: | English |
| Publicado: |
Reading, Mass. :
Addison-Wesley,
c1973.
|
| Series: | Addison-Wesley series in behavioral science: quantitative methods
|
| Materias: | |
| Etiquetas: |
Agregar Etiqueta
Sin Etiquetas, Sea el primero en etiquetar este registro!
|
| LEADER | 00786cam a2200229 a 4500 | ||
|---|---|---|---|
| 001 | MAT.inmabb004737 | ||
| 008 | 730207s1973####maua#####b####001#0#eng## | ||
| 005 | 20130225164403.0 | ||
| 245 | 1 | 0 | |a Bayesian inference in statistical analysis / |c George E. P. Box and George C. Tiao. |
| 260 | |a Reading, Mass. : |b Addison-Wesley, |c c1973. | ||
| 300 | |a xviii, 588 p. : |b il. ; |c 25 cm. | ||
| 490 | 0 | |a Addison-Wesley series in behavioral science: quantitative methods | |
| 504 | |a Bibliografía: p. 571-579. | ||
| 510 | 4 | |a MR, |c 54 #6362 | |
| 020 | |a 0201006227 | ||
| 100 | 1 | |a Box, George E. P. | |
| 700 | 1 | |a Tiao, George C., |d 1933- | |
| 650 | 0 | |a Mathematical statistics. | |
| 084 | |a 62F15 (62J05) |2 msc2000 | ||
| 010 | |a 78172804 | ||
| 040 | |a DLC |c DLC |d DLC | ||
| 859 | |h 62 |i B788 |p A-4188 |b BIB. MATEMATICA | ||
